जल -कल आज और कल/ (Record no. 199510)
[ view plain ]
| 000 -LEADER | |
|---|---|
| fixed length control field | 00788nam a22001937a 4500 |
| 005 - DATE AND TIME OF LATEST TRANSACTION | |
| control field | 20231206154741.0 |
| 010 ## - LCCN (DPL NO) | |
| LC control number | HIN-126469 |
| 020 ## - INTERNATIONAL STANDARD BOOK NUMBER | |
| International Standard Book Number | 9788185255736 |
| Terms of availability | 395.00 |
| 035 ## - SYSTEM CONTROL NUMBER | |
| System control number | HN-98815 |
| 037 ## - SOURCE OF ACQUISITION | |
| Source of stock number/acquisition | DBAD/PUB |
| 082 ## - DEWEY DECIMAL CLASSIFICATION NUMBER | |
| Classification number | 553.7 |
| Edition number | |
| 100 ## - MAIN ENTRY--PERSONAL NAME | |
| Personal name | जिया लाल हन्डू |
| 245 ## - TITLE STATEMENT | |
| Title | जल -कल आज और कल/ |
| Statement of responsibility, etc | जिया लाल हन्डू |
| 250 ## - EDITION STATEMENT | |
| Edition statement | प्रथम |
| 260 ## - PUBLICATION, DISTRIBUTION, ETC. (IMPRINT) | |
| Place of publication, distribution, etc | चंडीगढ़ |
| Name of publisher, distributor, etc | अभिषेक पब्लिकेशन्ज |
| Date of publication, distribution, etc | 2016 |
| 270 ## - ADDRESS | |
| Address | एस.सी.ओ.57 -59 सेक्टर 17 सी |
| City | चंडीगढ़ |
| Postal code | 160017 |
| 300 ## - PHYSICAL DESCRIPTION | |
| Extent | 161 पृष्ठ; |
| Dimensions | 23 सेमी (सजिल्द) |
| 942 ## - ADDED ENTRY ELEMENTS (KOHA) | |
| Item type | Hindi Books |
| Classification part | 553.7 |
| Source of classification or shelving scheme | Dewey Decimal Classification |
| Call number suffix | जिया लाल हन्डू |
| Withdrawn status | Lost status | Not for loan | Collection code | Home library | Current library | Date acquired | Source of acquisition | Cost, normal purchase price | Full call number | Barcode | Copy number | Cost, replacement price | Koha item type |
|---|---|---|---|---|---|---|---|---|---|---|---|---|---|
| Non-fiction | Vinoba Puri | Vinoba Puri | 06/12/2023 | DBAD/PUB | 350.00 | 553.7 जियाला | HN-98815 | 1 | 350.00 | Hindi Books |
